[Event "Bangkok op 14th"]
[Site "Bangkok"]
[Date "2014.04.17"]
[Round "7"]
[White "Atalik, Suat"]
[Black "Dzhumaev, Marat"]
[Result "1-0"]
[WhiteElo "2562"]
[BlackElo "2496"]
[Annotator "Atalik,S"]
[PlyCount "183"]
[EventDate "2014.04.12"]
[EventType "swiss"]
[EventRounds "9"]
[EventCountry "THA"]
[SourceTitle "CBM 161"]
[Source "ChessBase"]
[SourceDate "2014.07.16"]
[SourceVersion "1"]
[SourceVersionDate "2014.07.16"]
[SourceQuality "1"]

1. d4 f5 2. g3 Nf6 3. Bg2 g6 4. Nf3 Bg7 5. O-O O-O 6. c4 d6 7. Nc3 {Time to
play the main line again!} Qe8 8. d5 Bd7 (8... a5 9. Be3 Na6 10. Qd2 Ng4 11.
Bd4 Bh6 12. Ng5 c5 13. dxc6 bxc6 14. h3 Nf6 15. Be3 Bg7 16. Nd5 $1 $40) (8...
Na6 9. Be3 Bd7 (9... h6 10. Rb1 $5) 10. Qb3 {transposes into the text.}) 9. Be3
Na6 10. Qb3 $5 {A fresh idea.} (10. Qd2 Ng4 11. Bf4 $5 Nc5 12. h3 Nf6 13. Bh6
Nfe4 14. Nxe4 Nxe4 15. Qc1 Qf7 16. Bxg7 Qxg7 17. Nd2 Nxd2 18. Qxd2 $11) 10...
Bc8 $2 {This can not be a good move.} (10... b6 11. Qa3 Nc5 12. b4 Nce4 13.
Nxe4 Nxe4 14. Bd4) (10... Qc8 $142 11. Qa3 c5 12. dxc6 bxc6 13. b4 Ne4 14. Nxe4
fxe4 15. Ng5 Bxa1 16. Rxa1 Rb8 17. Rb1 $44) 11. Qa3 $1 $16 h6 12. b4 g5 13. b5
Nb8 $6 (13... Nc5 14. Bxc5 dxc5 15. Qxc5 Ne4 16. Nxe4 fxe4 17. Nd2 Bxa1 18.
Rxa1 $16) (13... f4 14. Bxf4 (14. gxf4 gxf4 15. Bxf4 Nc5 16. Bg3 Nh5 17. e3 Qg6
$44) 14... gxf4 15. bxa6 fxg3 16. hxg3 bxa6 17. Rab1 $36) 14. c5 $1 Qh5 (14...
Ne4 15. Nxe4 Bxa1 16. Nxd6 exd6 17. Rxa1 f4 18. Bd4 $16) 15. Bd4 $5 ({I did
not like something about} 15. c6 bxc6 (15... f4 16. Bd2) 16. dxc6) 15... Nbd7
16. c6 bxc6 17. dxc6 e5 $2 {This simply does not work properly.} (17... Nb6 18.
Bxb6 cxb6 19. Rad1 $16) 18. cxd7 Bxd7 19. Bxe5 $1 (19. Nxe5 dxe5 20. Bc5 e4 21.
Bxf8 Bxf8 $44) 19... dxe5 20. Nxe5 Be6 (20... Rae8 21. Nxd7 Nxd7 22. Rad1 $18)
21. Bxa8 Rxa8 22. Qc5 $1 $18 {After this last move White is simply an exchange
and a pawn up!} f4 23. Rad1 $6 (23. Rfd1 $142) 23... Kh7 24. Qc6 Re8 25. Qf3 $2
{This practically blunders a piece.} ({Any move like} 25. Rfe1 $18) ({or} 25.
Ne4 Nxe4 26. Qxe4+ Kg8 27. Nc6 Bh3 28. Qf3 Qxf3 29. exf3 Bxf1 30. Kxf1 $18 {
should have finished Black off.}) 25... Bh3 26. Nd5 (26. Qd3+ Kg8 27. Qc4+ Kh8)
26... Qxf3 27. Nxf3 Rxe2 $3 $44 {An excellent decision by Marat.} (27... Nxd5
28. Rxd5 $18) (27... Bxf1 28. Kxf1 $18 {are both hopeless for Black.}) 28.
Nxf6+ Bxf6 29. Rfe1 Rxa2 30. Rc1 Kg6 31. Ne5+ (31. Rc6 Kf5 32. Rxc7 Kg4 $3 $13)
31... Kh5 32. gxf4 gxf4 33. Rc3 $5 (33. Rxc7 Kh4 34. Nd3 f3 $132) 33... Kh4 $6
$138 (33... Bxe5 34. Rxe5+ Kh4 35. Rec5 Re2 36. Rc1 $14 {still keeps some
winning chances for White.}) 34. Ng6+ Kg4 35. Rc4 Bg5 36. Rc5 Bf6 37. Rc4 Bg5
38. Rxc7 Kh5 39. Ne5 Bh4 40. Nd3 Bg5 41. Rc4 Kg4 $2 {A bad blunder!} (41... f3
42. Nf4+ Bxf4 43. Rxf4 Ra3 44. Rfe4 $14) 42. f3+ $1 Kf5 43. Re5+ $4 {This move
simply saves Black from the mating net.} (43. Rc6 $1 Bf6 44. Rc5+ $18) 43...
Kf6 44. Rc6+ Kg7 {Both king moves are possible.} (44... Kf7 45. Ra6 $2 Rg2+ 46.
Kh1 Rd2 47. Rxa7+ (47. Ne1 $4 Rf2 $19) 47... Kf6 48. Ra6+ Kg7 $11) 45. Ra6 $2 (
45. Rd5 $5 Rg2+ 46. Kf1 Rxh2+ 47. Ke1 Rh1+ 48. Kd2 Ra1 49. Kc3 $16 {is the
only real winning attempt in the position.}) 45... Rg2+ 46. Kh1 Rd2 47. Rxa7+
Kf6 $1 48. Ra6+ Kg7 $11 {With my king confined to the first rank I should be
happy with a draw.} 49. Ra3 $6 {Self destruction continues but had a positive
impact on the result of the game after all.} ({I correctly calculated two
drawish lines:} 49. Rd6 Bh4 50. Nxf4 Rxd6 51. Nxh3 Rd1+ 52. Kg2 Rd2+ 53. Kf1
Rd1+ $11 (53... Rxh2 54. Nf4 Rf2+ $11)) (49. Re1 Rxd3 50. Rb1 Rd2 51. b6 Bg2+
52. Kg1 Bxf3 53. b7 Bh4 (53... Bxb7 $2 54. Rxb7+ Kf8 55. Ra8+ Rd8 56. Rxd8+
Bxd8 57. Kf2 $18) 54. b8=Q Rg2+ 55. Kf1 Rf2+ $11 56. Ke1 $140 $4 Rxh2+ 57. Kf1
Rh1#) 49... Bh4 $2 {Falling into the trap!} (49... Bd8 $1 50. Ra7+ Kf8 $1 51.
Ra4 Rxd3 52. Rxf4+ Kg7 53. Rg4+ (53. Re1 $2 Bb6 $17) 53... Kf6 54. Rh5 Bxg4 55.
fxg4 Kg6 56. Rc5 (56. Kg2 $2 Bg5 57. h4 Be7 58. Kf2 Rd4 59. Kf3 Rb4 $19) 56...
Rd2 57. h3 Rb2 58. Rd5 $44 {I can't really see how Black could make progress
to convert his material advantage.}) 50. Ra1 Rxd3 (50... Bg2+ 51. Kg1 Bxf3 52.
Nxf4 $16) 51. Rh5 $16 {This wins one of the bishops.} Bf6 52. Rg1+ Bg5 53. Rxh3
Rb3 54. Rh4 Kf6 55. Rhg4 Kf5 56. R4g2 $1 (56. h4 Bf6) 56... Rxb5 57. Rc2 Rb3
58. Kg2 $2 {I should not allow his king to reach the corner.} (58. Rc5+ Kf6 59.
Ra1 Rb6 60. Rca5 Rb2 61. R5a2 Rb3 62. Ra6+ Ke5 63. Kg2 Rb2+ 64. Kh3 Rf2 65.
R6a3 Kf5 66. R1a2 Rf1 67. Kg2 Rb1 68. Ra6 $18) 58... Kg6 $1 $11 59. Rgc1 Kh5
60. Rc3 Rb2+ 61. R1c2 Rb1 62. Kh3 Rf1 63. Rg2 Ra1 64. Rg4 Ra2 65. Rc5 Kg6 66.
Rg1 (66. Rg2 Ra3 67. Rf2 Kh5 $11) 66... Kh5 $1 {Marat played this part of the
endgame impeccably while I was trying to exhaust any possibility in the
position.} (66... Rf2 $2 67. Kg4 h5+ (67... Rxh2 68. Rc6+ $18) 68. Kh3 Rxf3+
69. Kg2 Ra3 70. Kh1 $18) 67. Rg4 Kg6 68. Rg1 Kh5 69. Rgc1 Rf2 70. R1c3 Rf1 71.
Kg2 Ra1 72. Kh3 Rf1 73. Kg2 Ra1 74. Rc1 Ra2+ 75. R5c2 Ra8 76. Rf1 Kh4 77. h3 $1
Ra3 78. Kh2 Kh5 $2 (78... Rb3 79. Rg2 h5 80. Ra2 Rc3 81. Rff2 Bd8 82. Ra6 Re3
83. Rh6 Bg5 84. Rh7 Re6 85. Rg2 Bh6 $11 {is enough to keep the game equal
avoiding the type of checkmate which happened in Yates-Rubinstein, Moscow 1925.
}) 79. Rg2 $1 $18 Rb3 80. Rg4 Rb2+ 81. Kg1 Rb4 82. Rf2 Rb1+ 83. Kg2 Rb4 84. Ra2
Rc4 (84... Rb5 85. h4 Bxh4 86. Rxf4 $18) 85. Kf2 $6 ({A much simpler move is} 
85. Ra5 $1 $18 {which anyway happened later in the game.}) 85... Rc1 (85... Rc5
86. Kg2 $1 (86. Ke2 $2 Re5+ 87. Kd1 Re3 88. Rf2 Ra3 {and White has to rewind
things.}) 86... Rb5 87. h4 Bxh4 88. Rxf4 $18) 86. Ra5 $18 Rc2+ 87. Kf1 Rc1+ 88.
Ke2 Rh1 ({In any case Black's king is in severe danger:} 88... Rc2+ 89. Kd3 Rf2
90. Ke4 Re2+ 91. Kf5 Rf2 (91... Re8 92. h4 Bxh4 93. Kxf4+ Bg5+ 94. Kg3 Re3 95.
Rh4+ Kg6 96. Ra6+ Kf5 97. Rh5 $18) 92. Ra8 Rxf3 93. Rxg5+ hxg5 94. Rh8#) 89.
Rxf4 Rxh3 90. Kf2 (90. Rb4 $18) 90... Rh1 (90... Rh2+ 91. Kg3 Rb2 92. Rh4+ Kg6
93. Ra6+ Kg7 (93... Kf5 94. Rh5) 94. Rd4 Rb7 95. f4 $18) 91. Rb4 Kg6 92. Rb6+ {
Black either loses the bishop or gets mated.} 1-0

[Event "Munich SKA"]
[Site "Munich"]
[Date "1993.??.??"]
[Round "9"]
[White "Jussupow, Artur"]
[Black "Bareev, Evgeny"]
[Result "0-1"]
[WhiteElo "2645"]
[BlackElo "2670"]
[Annotator "Bareev,E"]
[PlyCount "100"]
[EventDate "1993.05.??"]
[EventType "tourn"]
[EventRounds "11"]
[EventCountry "GER"]
[EventCategory "16"]
[SourceTitle "CBM 036"]
[Source "ChessBase"]
[SourceDate "1993.10.01"]
[SourceVersion "1"]
[SourceVersionDate "1993.10.01"]
[SourceQuality "1"]

1. d4 {Schussler} f5 2. Nf3 Nf6 3. c4 g6 4. g3 Bg7 5. Bg2 O-O 6. O-O d6 7. Nc3
Qe8 8. d5 a5 (8... Na6 9. Rb1 Bd7 (9... c5 10. dxc6 bxc6 11. b4 Bb7 12. Nd4 $14
) 10. b4 $14 (10. b4 {Schussler} c6 11. dxc6 Bxc6 (11... bxc6 12. b5 Nc5 13.
Nd4 cxb5 (13... Nfe4 14. Nxe4 Nxe4 15. bxc6 Bxc6 16. Ne6 $16 Be5) 14. Bxa8 Qxa8
15. Ndxb5 {+/=/+/- Piket,J-Gurevich,M, Groningen 1992}) 12. Qb3 $5 (12. b5 Bxf3
13. Bxf3 Nc5 14. Be3 Rc8 15. Na4 $14 {Hertneck,G-Lutz,C, Baden Baden 1992})
12... Ne4 13. Bb2 Nxc3 14. Bxc3 Bxc3 15. Qxc3 Rc8 16. Rbc1 Rf6 17. a3 $14 {
Illescas Cordoba,M-Topalov,V, Leon 1993.})) (8... c6 {Schussler} 9. Rb1 $1 Na6
10. b4 cxd5 11. Nxd5 Nxd5 12. Qxd5+ Kh8 13. Bb2 $14 {Larsen,B-Kortschnoj,V,
Buenos Aires Najdorf 1993}) 9. Be3 (9. Nd4 {Schussler} Na6 10. e4 fxe4 11. Nxe4
Nxe4 12. Bxe4 Bh3 13. Re1 {+/=/= Akopian,V-Vyzmanavin,A, Novosibirsk 1993})
9... h6 10. h4 (10. Qd2) (10. Nb5 $5 {Schussler} Qd8 {10. - Na6} 11. Nfd4 Kh7
12. c5 $1 dxc5 13. Ne6 Bxe6 14. dxe6 Nc6 15. Bxc5 $14 {Pisulinski-Rublevskij,
Russia 1992}) 10... Na6 11. Qd2 Kh7 12. Rae1 e5 (12... c5 13. Bf4 {/\ e4}) (
12... Bd7 13. Bd4 c5 14. Bxf6 Bxf6 15. e4) (12... Nc5 13. Bxc5 dxc5 14. e4) (
12... Qf7 13. Bd4 e5 14. dxe6 Bxe6 15. b3 Nc5 16. Bxc5 dxc5 17. Ne5) 13. dxe6
Bxe6 14. Nd4 (14. b3 $14) 14... Bxc4 15. Bxb7 $1 (15. b3 Bg8 16. Bxb7 c5 17.
Ndb5 d5 $1 18. Bxa8 (18. Bxa6 d4 $1 $36) 18... Qxa8 $36) 15... Rb8 (15... c5
16. Nc6 Nb4 17. Qxd6 $18) 16. Bc6 (16. Bg2 Nb4 17. b3 (17. a3 Nbd5 18. Nxf5
gxf5 19. Nxd5 Nxd5 20. Bxd5 Rxb2 21. Qd1 Qb5 $15) 17... Bg8 18. a3 Nbd5 19.
Nxf5 Nxe3 20. Nxe3 Rxb3 $15) 16... Qc8 17. Bf3 Nb4 $1 18. a3 Nbd5 19. Nxd5 Bxd5
$6 (19... Nxd5 20. Rc1 Nxe3 21. fxe3 Bb3 $10 (21... d5 22. b3)) 20. Nc6 $2 (20.
b4 axb4 21. axb4 c5 22. bxc5 dxc5 23. Rc1 Rd8 $15) (20. Bxd5 Nxd5 21. Nc6 Nxe3
22. Qxe3 Rxb2 23. Nxa5 Qa6 $19) (20. Rc1 c5 21. Nb5 Bxf3 22. Nxd6 Ne4 $1 23.
Nxc8 Nxd2 24. Bxd2 Bxe2 25. Rfe1 Rfxc8 26. Rxe2 Rxb2 $17) (20. Rd1 Bxf3 (20...
c5 21. Nb5 Bxf3 22. Nxd6 Ne4 23. Nxc8 Nxd2 24. Rxd2 $10) 21. Nxf3 Qa6 22. Bd4 (
22. Qc2 c5 {/\ Ne4=/+}) 22... c5 23. Bxf6 Rxf6 24. e3 Re6 25. Rb1 Qc6 $17) (20.
Qxa5 $1 c5 (20... Bxf3 21. exf3 Rxb2 22. Nb5 $1 Nd5 (22... Rf7 23. Bd4) (22...
Qb7 23. Nxc7 Qxf3 24. Ne6 $16) 23. Nxd6) 21. Nb5 Qd7 (21... Qc6 22. Nc7 $3 Bxf3
23. exf3 Qxf3 24. Ne6 $16) 22. a4 Ra8 23. Qc7 Bxf3 24. exf3 Rxa4 (24... Qxc7
25. Nxc7 Rxa4 26. Ne6 Re8 27. Nxg7 Kxg7 28. Bf4 $16) 25. Qxd7 Nxd7 26. Nxd6
Bxb2 27. Rb1 {/\ Rfd1+/-}) 20... f4 $1 21. Ne7 (21. Bxf4 Qh3 22. e4 Bxc6 $19) (
21. Bxd5 fxe3 22. fxe3 Qh3 23. Bg2 Qxg3 24. Rf3 Qxh4 25. Nxb8 Rxb8 26. Ref1 Ng4
27. Rh3 Qe7 {/\ h5, Bh6-/+}) 21... fxe3 22. Qxe3 Qb7 23. Nxd5 Nxd5 24. Qd3 c6
25. h5 Kh8 26. Qxg6 (26. hxg6 Qxb2 27. Rc1 Rb6 $19) 26... Rf6 27. Qd3 Nb6 (
27... Qb5 28. Qxb5 (28. Qc2 Ne7) (28. Rd1 Ne7 29. Qe4 Rb7 {/\ d6-d5}) 28...
Rxb5 29. Rc1 Ne7 30. Bxc6 Nxc6 31. Rxc6 Rxb2) 28. b4 axb4 29. axb4 Nd7 30. Qc2
d5 31. Bg2 Ne5 $1 (31... Qxb4 32. e4 d4 33. f4 {/\ e5}) 32. b5 (32. e4 Nf3+) (
32. Rb1 Qb5) 32... cxb5 33. Rd1 Rd8 34. Qb3 Rfd6 35. Qb4 (35. Rb1 Nc4 36. Qxb5
Rb6) 35... Qb6 36. Rd2 (36. Rb1 Nc6 37. Qxb5 Qxb5 38. Rxb5 Nd4 $19) 36... Nc6
37. Qg4 b4 38. Rfd1 Ne5 39. Qh4 b3 40. Rxd5 b2 41. Rxd6 Rxd6 42. Rb1 Rf6 43. e3
Nf3+ (43... Nd3 $1 $19) 44. Bxf3 Rxf3 45. Qe4 Rf8 46. Qc2 Qf6 47. Kf1 Qe5 48.
g4 Qxe3 49. Rxb2 Qh3+ 50. Ke1 Qxg4 0-1

[Event "Rubinstein Memorial 33rd"]
[Site "Polanica Zdroj"]
[Date "1996.??.??"]
[Round "8"]
[White "Beliavsky, Alexander G"]
[Black "Nikolic, Predrag"]
[Result "1-0"]
[WhiteElo "2620"]
[BlackElo "2670"]
[Annotator "Beliavsky,A"]
[PlyCount "75"]
[EventDate "1996.08.15"]
[EventType "tourn"]
[EventRounds "11"]
[EventCountry "POL"]
[EventCategory "15"]
[SourceTitle "CBM 055"]
[Source "ChessBase"]
[SourceDate "1996.12.01"]
[SourceVersion "1"]
[SourceVersionDate "1996.12.01"]
[SourceQuality "1"]

1. d4 {Hecht} f5 2. c4 Nf6 3. g3 g6 4. Bg2 Bg7 5. Nf3 O-O 6. O-O d6 7. Nc3 Na6
8. Rb1 c6 9. b4 Ne4 (9... Qe8 $5) 10. Nxe4 $1 (10. Bb2 Be6 11. Qb3 $2 b5 12.
Nxe4 Bxc4 13. Qe3 fxe4 14. Qxe4 Nxb4 15. Bh3 Kh8 $17) (10. Bb2 Be6 11. b5 Nc7
12. bxc6 bxc6 13. Qa4 Rb8 14. Ba1 $14) 10... fxe4 11. Nd2 d5 (11... Bxd4 12.
Nxe4 Bg7 13. b5 $16) 12. b5 Nc7 13. e3 Bf5 $2 (13... Ne6 14. bxc6 bxc6 15. Qa4
Ng5 16. Qxc6 Nh3+ 17. Bxh3 Bxh3 18. Ba3 $1 Bxf1 19. Kxf1 $146) 14. bxc6 bxc6
15. Ba3 $16 Rf7 16. Qa4 e5 (16... Bd7 17. Rb7 c5 18. Qa5 $18) 17. dxe5 Bxe5 18.
Qxc6 Rc8 (18... Bd7 19. Qb7 $16) 19. Qa4 (19. Bb2 $6 Bxb2 20. Rxb2 Ne6 21. Qxd5
$2 Rd7 $19) 19... Ne6 $6 (19... Rf6 $5 20. cxd5 Ra6 21. Qb3 Rb6 $132) 20. cxd5
Qxd5 21. Nxe4 Qxa2 22. Qb3 Rc2 23. Bd6 $1 $18 Qxb3 (23... Bxe4 24. Qxa2 Rxa2
25. Bxe4 Bxd6 26. Bd5 $1 $18) 24. Rxb3 Bxd6 25. Nxd6 Rd7 26. Nxf5 gxf5 27. Rb5
Rc5 28. Rxc5 Nxc5 {[#] aktive wT+L; sS ohne Stützpunkt; schwarze B-Schwächen,
Taktik, Fesselung} 29. Rc1 Nd3 30. Ra1 (30. Rd1 $6 a5 (30... Nc5 31. Rxd7 Nxd7
32. Bd5+ Kg7 33. Be6 Nc5 34. Bxf5 a5 35. Bb1 a4 36. Kf1 a3 37. Ke2 Ne4 $132 {
/Hecht}) 31. Bf1 (31. Bc6 $16 {/Hecht}) 31... Nc5) 30... Kg7 31. Ra5 Kg6 32.
Bh3 Rf7 33. Bf1 Ne1 (33... Nb4 34. Ra4 Nd5 35. Bc4 Rd7 36. Bxd5 Rxd5 37. Rxa7
$18) 34. Be2 Rc7 35. Ra1 Nc2 36. Rc1 Rc6 37. Bb5 Rc3 38. Kh1 $1 (38. Ba4 Nd4 $1
{/Hecht}) 1-0

[Event "Voskresensk"]
[Site "Voskresensk"]
[Date "1993.??.??"]
[Round "?"]
[White "Tunik, Gennady"]
[Black "Galdunts, Sergey"]
[Result "1-0"]
[WhiteElo "2490"]
[BlackElo "2450"]
[Annotator "Belov,I"]
[PlyCount "66"]
[EventDate "1993.??.??"]
[EventType "tourn"]
[EventRounds "11"]
[EventCountry "RUS"]
[EventCategory "9"]
[SourceTitle "CBM 038"]
[Source "ChessBase"]
[SourceDate "1994.02.01"]
[SourceVersion "1"]
[SourceVersionDate "1994.02.01"]
[SourceQuality "1"]

1. d4 f5 2. g3 Nf6 3. Bg2 d6 4. Nf3 g6 5. c4 Bg7 6. Nc3 O-O 7. O-O Qe8 8. d5
Na6 9. Rb1 c6 (9... Bd7 10. b4 c5 11. dxc6 Bxc6 (11... bxc6 12. a3 Qf7 13. c5
$1 d5 14. b5 $16 {Cvitan,O-Vanheste,J Graz 1987/}) 12. b5 Bxf3 13. exf3 $1 (13.
Bxf3 Nc5 14. Be3 Rc8 {Gelfand,B-Gurevich,M Linares 1991/} 15. b6 axb6 16. Nd5
$14) 13... Nc5 14. f4 Qf7 15. Qe2 Rac8 16. Re1 Rfe8 17. Be3 $14) (9... e5 $6
10. dxe6 Bxe6 11. Nd4 c6 $6 (11... Nc5 $14) 12. b4 $1 $16 Bxc4 13. b5 cxb5 14.
Ndxb5 Rd8 {Salov,V-Gurevich,M Reggio Emilia 1991 Inf 53/102/} 15. Nxd6 $1 Qe6
16. Ba3 Ne4 17. Ncxe4 fxe4 18. Qc2 $18) (9... h6 10. Nd4 g5 11. e3 Qg6 12. b4
Bd7 13. a3 Rac8 14. Bd2 Ng4 15. Ncb5 $14 {Jukic,M-Binhan,I Wien 1991/}) (9...
c5 10. dxc6 bxc6 11. b4 $14) 10. dxc6 bxc6 11. b4 Bd7 (11... Rb8 12. b5 cxb5 (
12... Nc5 $5 13. Nd4 cxb5 14. cxb5 Qf7 15. Nc6 Rb7 $14) 13. cxb5 Nc5 14. Nd4
Bd7 15. Nc6 Rb7 16. Be3 Nce4 17. Nxe4 Nxe4 18. Nxa7 $16 {Phominyh,A-Sabai,L
Brno 1991/}) (11... c5 12. bxc5 Nxc5 13. Ng5 Ba6 14. Bxa8 Qxa8 $44 15. Nd5 Nxd5
16. cxd5 Bc4 17. Bb2 Qxd5 18. Qxd5+ Bxd5 19. Bxg7 Kxg7 $10 {Nikolic,Pr
Gurevich,M Moscow 1990 Inf 49/131/}) 12. a3 (12. b5 Nc5 13. Nd4 Nfe4 14. Nxe4
Nxe4 15. bxc6 Bxc6 16. Ne6 Qc8 $1 17. Nxg7 Kxg7 18. Bxe4 $1 Bxe4 19. Bb2+ Kf7
20. Rc1 Qe6 $1 21. Qd4 Rab8 $1 $10 {Hracek,Z-Malaniuk,V Kecskemet 1991 Inf 53/
103/}) 12... Nc7 13. a4 $5 $146 (13. Bb2 Kh8 $6 (13... Rd8 14. b5 Ne6 15. a4
Rb8 {Damljanovic,B-Bareev,E Pula 1988 Inf 46/134; 16.Ba3!+/=/}) 14. c5 $1 dxc5
15. bxc5 Ng4 16. Na4 Bxb2 17. Nxb2 e5 18. h3 Nf6 19. Qd6 Nb5 20. Qxe5 $16 {
Nikolic,Pr-Gurevich,M Manila 1990 Inf 49/132/}) 13... Rb8 14. b5 Ne6 (14... c5
15. Qd3 {/\Bd2,a5+/=/}) 15. e3 $5 c5 (15... Nc5 $5 16. Bb2 Qf7 17. Nd4 cxb5 18.
cxb5 Nfe4 $14) 16. Bb2 $14 Nc7 17. Ne2 h6 18. Nd2 g5 19. Qb3 Qh5 20. Rfe1 e5 (
20... Ng4 21. h3 Nf6 22. f4 $16) 21. f4 Rfe8 (21... e4 $5 22. Rbd1 Be6 23. Nf1
Rfd8 {/\Qf7 /}) 22. Bf3 Qf7 23. Rbd1 e4 24. Bg2 Be6 $6 (24... g4 $5 25. Nc3 Be6
26. Bf1 Rbd8 $14) 25. Bxf6 $1 Bxf6 26. g4 $1 $16 d5 (26... fxg4 $6 27. Rf1 Qg7
28. Nxe4 $18) 27. gxf5 Bxf5 28. cxd5 gxf4 $6 (28... Qxd5 29. Qxd5+ (29. Nc4 $5
Qf7 30. Qc2 $16) 29... Nxd5 30. Ng3 Bg4 31. Bxe4 Nc3 32. Rc1 $16) 29. Nxf4 $18
Be5 30. Rf1 Kh8 31. d6 Qxb3 32. Nxb3 Na6 33. Na5 Nb4 (33... Nb4 34. Nc6 $18)
1-0

[Event "YUG-chT"]
[Site "Igalo"]
[Date "1994.??.??"]
[Round "8"]
[White "Vukic, Milan"]
[Black "Piskov, Yury"]
[Result "0-1"]
[WhiteElo "2425"]
[BlackElo "2510"]
[Annotator "Belov,I"]
[PlyCount "62"]
[EventDate "1994.??.??"]
[EventType "team"]
[EventRounds "9"]
[EventCountry "YUG"]
[SourceTitle "EXT 2000"]
[Source "ChessBase"]
[SourceDate "1999.11.16"]
[SourceVersion "1"]
[SourceVersionDate "1999.11.16"]
[SourceQuality "1"]

1. Nf3 f5 2. g3 Nf6 3. Bg2 d6 4. d4 g6 5. O-O Bg7 6. c4 O-O 7. Nc3 Qe8 8. d5 a5
9. Ne1 e5 $5 (9... Na6 10. Nd3 Bd7 (10... e5 11. dxe6 Qxe6 (11... c6 12. Na4
Bxe6 13. Nb6 Rb8 14. Bd2 $16 {Nikolic,P-Malaniuk,V/Groningen/1993/}) 12. b3 Ne4
$6 13. Nxe4 fxe4 14. Nf4 $16 {Tukmakov,V-Gurevich,M/Groningen/1993/1:0 (40)})
11. Re1 Qf7 12. Nf4 Rab8 13. Be3 h6 14. Ba7 Rbe8 15. Bd4 b6 16. e4 $14 {
Oll,L-Topalov,V/Groningen/1993/1:0 (51)}) 10. dxe6 c6 11. Qxd6 (11. b3 Bxe6 12.
Bb2 Na6 $10) 11... Bxe6 12. b3 (12. Qd3 Na6 13. b3 Ne4 14. Bxe4 $8 (14. Bb2 Nb4
) 14... fxe4 15. Qe3 Rd8 $17) 12... Ne4 13. Nxe4 $8 Bxa1 14. Ng5 Bc8 15. Ba3
Bg7 $1 (15... Rf6 16. Qd2 Be5 17. Nd3 Bc7 18. Bb2 $16) 16. Qd2 $6 (16. Qd3 $142
Na6 (16... Rf6 17. Bb2 Rf8 18. Ba3 $10) 17. Bxf8 Bxf8 18. Nc2 Nc5 19. Qd2 h6
20. Nf3 Ne4 $44) 16... Qd8 $1 17. Nd3 Re8 $17 18. Rd1 Na6 19. h4 Nb4 $1 20. Bb2
(20. Nxb4 Qxd2 21. Rxd2 Bc3 $1 $19) 20... Bxb2 21. Qxb2 Qe7 22. Nf4 Qg7 23. Qd2
Qe7 24. e3 (24. Qb2 $5) 24... h6 25. Nf3 (25. Nxg6 Qg7 $19) 25... g5 26. hxg5
hxg5 27. Ne2 Be6 28. Ned4 Rad8 29. Qe1 (29. a3 Na6 30. Qxa5 c5 $19) 29... Bc8
$19 30. a3 Na6 31. Ra1 g4 (31... g4 32. Nh4 Rxd4 $19) 0-1

[Event "Alushta4"]
[Site "Alushta"]
[Date "1994.??.??"]
[Round "2"]
[White "Onischuk, Alexander"]
[Black "Vyzmanavin, Alexey"]
[Result "1-0"]
[WhiteElo "2535"]
[BlackElo "2610"]
[Annotator "Belov,I"]
[PlyCount "121"]
[EventDate "1994.??.??"]
[EventType "tourn"]
[EventRounds "9"]
[EventCountry "UKR"]
[EventCategory "13"]
[SourceTitle "CBM 042"]
[Source "ChessBase"]
[SourceDate "1994.10.01"]
[SourceVersion "1"]
[SourceVersionDate "1994.10.01"]
[SourceQuality "1"]

1. d4 f5 2. c4 Nf6 3. Nf3 g6 4. g3 Bg7 5. Bg2 d6 6. b3 O-O 7. Bb2 Qe8 8. O-O
Na6 9. Nbd2 e5 {Vyzmanavin/} 10. dxe5 Ng4 11. Ba3 (11. Qc2 dxe5 12. e4 Nb4 (
12... f4 13. c5 fxg3 14. hxg3 Qb5 {Belov,I-Goldin,A/Moscow/1992/0:1 (68)} 15.
a4 $1 Qxc5 16. Qxc5 Nxc5 17. Ba3 b6 18. Bxc5 bxc5 19. Rac1 $14) 13. Qc3 Nc6 14.
exf5 gxf5 15. Rfe1 Bf6 $13 {Nikolaev,S-Glek,I/Moscow/1992/0:1 (27) Inf 55/105/}
) 11... Nxe5 12. Nxe5 Qxe5 13. Qc2 $5 $146 (13. Rb1 $5 Nc5 $6 (13... f4 $5 14.
Bb2 Qe7 15. Bxg7 Qxg7 16. b4 $14) 14. b4 Nd7 15. c5 $1 $16 {Borovikov,
V-Maximenko,A/Nikolaev(zt)/1993/1:0 (30)}) (13. Rc1 Nc5 14. Nf3 (14. Nb1 $5)
14... Qe7 15. e3 a5 $10 {Belov,I-Vyzmanavin,A/Moscow//1992/0.1 (54)}) 13... f4
(13... Qxe2 $4 14. Rae1 $18) 14. Nf3 Qe7 15. Qd2 $5 (15. Bb2 Bf5 16. Qd2 $14) (
15. Rad1) 15... fxg3 16. hxg3 Nc5 (16... Bxa1 17. Rxa1 Nc5 18. Bb2 $44) 17. Bb2
Bxb2 18. Qxb2 Bd7 (18... a5 $5) 19. b4 $1 Ne4 20. Nd2 Nxd2 $8 (20... Bc6 $2 21.
b5 Nxd2 22. bxc6 Nxf1 23. Bd5+ $18) 21. Qxd2 Bc6 22. Bd5+ $1 $16 Kg7 23. Rac1
Qe5 (23... Rae8 24. Bxc6 bxc6 25. Qd4+ Qe5 26. Qxa7 $16) 24. Rc3 Rae8 25. b5 $5
Bxd5 26. cxd5 Qxe2 (26... Re7 27. Re3 Qf6 28. Rxe7+ Qxe7 29. Qd4+ Kg8 30. Qxa7
b6 31. e3 $16) (26... Rf7 $4 27. Re3 $18) 27. Rxc7+ Rf7 28. Rxf7+ Kxf7 29. Qf4+
Kg8 (29... Ke7 $6 30. Rc1 Kd7 31. Qa4 $16) 30. Qxd6 Qxb5 31. Rc1 Qb6 $6 (31...
Qe2 $5 32. Qd7 Rf8) 32. Qxb6 axb6 33. Rb1 Rd8 34. Rb5 (34. Rxb6 Rxd5 35. Rxb7
Ra5 $14) 34... Rd6 35. Kg2 Kf7 36. Kf3 Kf6 37. Ke4 g5 38. g4 Ke7 39. f3 Kd7 40.
Rb3 h6 41. Kd4 Kc7 42. Ke5 Rg6 43. Rb1 Kd7 44. Rb2 Kc7 45. Rc2+ Kd7 46. Rc4 (
46. Rc3 $1 Rd6 47. Rc8 $1 $18) 46... Rg8 (46... Rd6 47. Rc8 $1 Rxd5+ 48. Kxd5
Kxc8 49. Ke6 Kc7 50. Kf6 $18) 47. Rc3 Ra8 (47... Rg6 48. Ra3 Rg8 49. Kf6 $18)
48. a3 b5 (48... Rf8 49. d6 $18) 49. Rb3 Ra5 (49... Rf8 50. Rxb5 Rxf3 51. Rxb7+
$18) 50. Kf6 b4 (50... Ra6+ 51. Kg7 Rb6 52. Rb4 $22) 51. Rxb4 Rxa3 52. Kg7 $1
Rxf3 53. Kxh6 $18 Kd6 (53... Rf4 54. Rxb7+ Kc8 55. Kxg5 Rxg4+ 56. Kxg4 Kxb7 57.
Kf5 Kc7 58. Ke6 $18) 54. Rxb7 Kxd5 55. Kxg5 Ke6 56. Kg6 Rf1 57. g5 Rg1 58. Kh6
Rg2 59. g6 Rg1 60. Kh7 Rg2 61. Rb6+ (61. Rb6+ Ke7 62. g7 Rh2+ 63. Rh6 $18) 1-0

[Event "Teheran FIDE GP (Women)"]
[Site "Teheran"]
[Date "2016.02.21"]
[Round "9"]
[White "Pogonina, Natalija"]
[Black "Zhao, Xue"]
[Result "0-1"]
[WhiteElo "2454"]
[BlackElo "2506"]
[Annotator "Besenthal,K"]
[PlyCount "74"]
[EventDate "2016.02.11"]
[EventType "tourn"]
[EventRounds "11"]
[EventCountry "IRI"]
[EventCategory "11"]
[SourceTitle "CBM 171"]
[Source "ChessBase"]
[SourceDate "2016.03.14"]
[SourceVersion "2"]
[SourceVersionDate "2016.03.14"]
[SourceQuality "1"]

1. d4 f5 2. c4 Nf6 3. Nf3 g6 4. g3 Bg7 5. Bg2 d6 6. O-O O-O 7. Nc3 Qe8 8. b3 e5
9. dxe5 dxe5 10. Ba3 Rf7 11. e4 f4 12. Qc2 Nc6 13. Ng5 Rd7 14. Nd5 Nd4 15. Qb2
Nh5 16. Rad1 c6 17. Nc3 Rd8 18. Ne2 fxg3 19. fxg3 Bg4 20. Nxd4 Bxd1 21. Nde6
Rd7 22. Nc5 Rd4 23. Nce6 Bg4 24. Nc7 Qd8 25. Nge6 Qd7 26. Nxd4 Qxc7 27. Nf3 Rd8
28. Qf2 Nf6 29. Qxa7 {Diagramm [#] Objektiv gesehen kein Fehler, aus
psychologischer Sicht jedoch begibt sich die Weiße damit auf Abwege.} Nxe4 30.
Qe3 Bxf3 31. Rxf3 (31. Bxf3 Nxg3 32. hxg3 e4 33. Kg2 exf3+ 34. Rxf3 $11) 31...
Nd6 32. Bxd6 Qxd6 33. Kh1 Qd2 {Diagramm [#]} 34. Qb6 $2 {Voraussetzungen,
unter denen Weiß selber aktiv werden könnte, liegen schlichtweg nicht vor.} (
34. Qxd2 Rxd2 35. Bh3 Rxa2 36. Bc8 $11) 34... e4 35. Rf2 Qd3 {Diagramm [#]} 36.
Rf1 $4 {Verliert unmittelbar.} (36. Bf1 $1) 36... e3 37. Re1 Qd2 0-1